<?xml version="1.0" encoding="UTF-8"?>
<record
    xmlns:xsi="http://www.w3.org/2001/XMLSchema-instance"
    xsi:schemaLocation="http://www.loc.gov/MARC21/slim http://www.loc.gov/standards/marcxml/schema/MARC21slim.xsd"
    xmlns="http://www.loc.gov/MARC21/slim">

  <leader>01025nam a22001577a 4500</leader>
  <controlfield tag="003">SGT</controlfield>
  <datafield tag="020" ind1=" " ind2=" ">
    <subfield code="a">9788180522758</subfield>
  </datafield>
  <datafield tag="082" ind1=" " ind2=" ">
    <subfield code="a">658,MOS</subfield>
  </datafield>
  <datafield tag="100" ind1=" " ind2=" ">
    <subfield code="a">MOSHAL B.S.</subfield>
  </datafield>
  <datafield tag="245" ind1=" " ind2=" ">
    <subfield code="a">PRINCIPLES OF MANAGEMENT </subfield>
  </datafield>
  <datafield tag="260" ind1=" " ind2=" ">
    <subfield code="a">NEW DELHI </subfield>
    <subfield code="b">ANE BOOKS </subfield>
    <subfield code="c">2009</subfield>
  </datafield>
  <datafield tag="300" ind1=" " ind2=" ">
    <subfield code="a">548</subfield>
  </datafield>
  <datafield tag="650" ind1=" " ind2=" ">
    <subfield code="a">MANAGEMENT </subfield>
  </datafield>
  <datafield tag="653" ind1=" " ind2=" ">
    <subfield code="a">CONCEPTUAL FRAMEWORK OF MANAGEMENT, MANAGEMENT PROCESS, ROLES AND FUNCTIONAL AREAS,  ORGANISATION AND MANAGEMENT: HISTORICAL PERSPECTIVE, PLANNING FUNCTION OF MANAGEMENT, PLANS: TYPES AND TECHNIQUES, BUSINESS POLICY AND STRATEGY FORMULATION, DECISION MAKING IN AN ORGANISATION, ORGANISATIONAL DESIGN AND PROCESS, HORIZONTAL DIMENSION: DEPARTMENTALISATION, VERTICAL DIMENSION: AUTHORITY AND ITS DELEGATION, ORGANISATIONAL STRUCTURES,  MOTIVATING PEOPLE AT WORK, LEADERSHIP IN AN ORGANISATION, COMMUNICATION NETWORK IN AN ORGANISATION, CONTROLLING PROCESS IN AN ORGANISATION, CONTROLLING TECHNIQUES AND COORDINATION, MANAGEMENT OF ORGANISATIONAL CHANGE AND DEVELOPMENT, MANAGEMENT CASE STUDY METHOD.</subfield>
  </datafield>
  <datafield tag="942" ind1=" " ind2=" ">
    <subfield code="2">ddc</subfield>
    <subfield code="c">FCM</subfield>
  </datafield>
  <datafield tag="952" ind1=" " ind2=" ">
    <subfield code="0">0</subfield>
    <subfield code="1">0</subfield>
    <subfield code="2">ddc</subfield>
    <subfield code="4">0</subfield>
    <subfield code="7">1</subfield>
    <subfield code="8">CM</subfield>
    <subfield code="a">SSSL</subfield>
    <subfield code="b">SSSL</subfield>
    <subfield code="c">REF</subfield>
    <subfield code="d">2016-07-04</subfield>
    <subfield code="e">DONATE BY DR.SINGH PVC SGT UNIVERSITY </subfield>
    <subfield code="g">295.00</subfield>
    <subfield code="i">SGTU</subfield>
    <subfield code="o">658,MOS</subfield>
    <subfield code="p">CM263</subfield>
    <subfield code="r">2016-07-04 00:00:00</subfield>
    <subfield code="w">2016-07-04</subfield>
    <subfield code="y">FCM</subfield>
  </datafield>
  <datafield tag="999" ind1=" " ind2=" ">
    <subfield code="c">9441</subfield>
    <subfield code="d">9441</subfield>
  </datafield>
</record>
